000 00664nas a2200229 4500
001 BR9701024
003 BR-BrBNA
005 20231205100003.0
007 ta
008 230509b bl.|||p| |||| 00| 00por d
040 _aBR-BrBNA
_bpor
_cBiblioteca Nacional de Agricultura
041 _a(Pt)
072 _aH50
100 1 _aFioravanco, J.C.
245 1 _aPodridao estilar da lima acida "Tahiti"
650 _aLima
650 _aPodridao Estilar
650 _aSintoma
773 0 _tRevista Brasileira de Fruticultura (Brazil)
_xISSN 0100-2945
_g(Aug 1995), v. 17(2) p. 119-125
_wBR9701024
909 _a202311
_bLúcia
_c55
_dLúcia Elande
942 _2AGRIS
_n0
_cANA
999 _c153819
_d153819